| 000 | 00679nam a2200181 i 4500 | ||
|---|---|---|---|
| 001 | 88391 | ||
| 003 | ES-MaACL | ||
| 005 | 20230906175842.0 | ||
| 007 | t| | ||
| 008 | 050104s1904 fr ||||1| fre d | ||
| 100 | 1 |
_aLaisant, C. A. _969704 |
|
| 245 | 1 | 2 |
_aL'Éducation fondée sur la science / _cpar C.A. Laisant ; préface par Alfred Naquet. |
| 260 |
_aParís : _b[s.n., _c1904] ( _eChartres : _fImp. Durand) |
||
| 300 |
_a153 p. ; _c18 cm. |
||
| 505 | 8 | _aContiene: L'initiativa mathématique. L'initiativa a l'etude des sciences physiques. Education scientifique et psychologie. Le probléme de l'éducation | |
| 700 | 1 |
_aNaquet, Alfred. _984918 |
|
| 852 |
_aES-MaACL _jF-11985 |
||
| 999 |
_c88391 _d88391 |
||